LEADER 02789 am 22006493u 450 001 996208182703316 005 20230621135408.0 010 $a9789048519323$b(eBook) 010 $z9789089645494$b(hardback) 035 $a(CKB)2670000000344247 035 $a(SSID)ssj0000939993 035 $a(PQKBManifestationID)12405967 035 $a(PQKBTitleCode)TC0000939993 035 $a(PQKBWorkID)10948454 035 $a(PQKB)10731464 035 $a(oapen)https://directory.doabooks.org/handle/20.500.12854/26007 035 $a(EXLCZ)992670000000344247 100 $a20160829d2013 uy 0 101 0 $aeng 135 $aurb|#---||||| 181 $ctxt 2 rdacontent 182 $cc$2rdamedia 183 $acr$2rdacarrier 200 10$aSyntax of Dutch$eadjectives and adjective phrases /$fHans Broekhuis 210 $cAmsterdam University Press$d2013 210 1$aAmsterdam, Netherlands$cAmsterdam University Press$d[2013]. 210 4$d©2013 225 1 $aComprehensive Grammar Resources 311 08$aPrint version: 9789089645494 320 $aIncludes bibliographical references 330 $a'The Syntax of Dutch' will be published in at least seven volumes in the period 2012-2016 and aims at presenting a synthesis of the currently available syntactic knowledge of Dutch. It is primarily concerned with language description and not with linguistic theory, and provides support to all researchers interested in matters relating to the syntax of Dutch, including advanced students of language and linguistics. The volume Adjectives and Adjective Phrases discusses the internal make-up as well as the distribution of adjective phrases. Topics that will be covered include: complementation and modification of adjective phrases; comparative and superlative formation; the attributive, predicative and adverbial uses of adjective phrases. Special attention is paid to the so-called partitive genitive construction and the adverbial use of past/passive participles and infinitives. 606 $aDutch language$vAdjectives 606 $aLanguages$vDutch 606 $aGermanic Languages$vDutch 607 $aThe Netherlands$vLanguage 610 $adutch and flemish language 610 $anederlandse taal 610 $aAdjective 610 $aAdverb 610 $aDative case 610 $aNoun phrase 610 $aParticiple 610 $aPartitive 610 $aPronoun 610 $aSyntax 610 $aVerb 615 0$aDutch language 615 0$aLanguages 615 0$aGermanic Languages 676 $a439.315 700 1$aBroekhuis$b Hans$0803521 702 $aBroekhuis$b Hans$4oth 801 0$bPQKB 801 2$bUkMaJRU 912 $a996208182703316 996 $aSyntax of Dutch$91930027 997 $aUNISA LEADER 03393nas 2200877- 450 001 996197276003316 005 20230522213016.0 011 $a1863-1711 035 $a(DE-599)ZDB2391619-9 035 $a(OCoLC)130401260 035 $a(CKB)1000000000278751 035 $a(CONSER)--2017208340 035 $a(EXLCZ)991000000000278751 100 $a20070517a20079999 s-- a 101 0 $aeng 135 $aurcn||||||||| 181 $ctxt$2rdacontent 182 $cc$2rdamedia 183 $acr$2rdacarrier 200 00$aSignal, image and video processing 210 1$aLondon :$cSpringer,$d2007- 215 $a1 online resource 300 $aRefereed/Peer-reviewed 311 $a1863-1703 330 3 $aSubject areas covered by the journal include but are not limited to: Adaptive processing - biomedical signal processing - multimedia signal processing - communication signal processing - non-linear signal processing - array processing - statistical signal processing - modeling - filtering - multi-resolution - segmentation - coding - restoration - enhancement - storage and retrieval - colour and multi-spectral processing - scanning - displaying - printing - interpolation - motion detection and estimation - stereoscopic processing. 517 1 $aSIViP 531 $aSIGNAL IMAGE & VIDEO PROCESSING 531 $aSIGNAL IMAGE VIDEO P 531 $aSIGNAL IMAGE VIDEO PROCESS 606 $aSignal processing$xDigital techniques$vPeriodicals 606 $aImage processing$xDigital techniques$vPeriodicals 606 $aDigital video$vPeriodicals 606 $aTraitement du signal$xTechniques numériques$vPériodiques 606 $aTraitement d'images$xTechniques numériques$vPériodiques 606 $aVidéo numérique$vPériodiques 606 $aDigital video$2fast$3(OCoLC)fst00893738 606 $aImage processing$xDigital techniques$2fast$3(OCoLC)fst00967508 606 $aSignal processing$xDigital techniques$2fast$3(OCoLC)fst01118285 606 $aSignaalverwerking$2gtt 606 $aBeeldverwerking$2gtt 606 $aBeeldmanipulatie$2gtt 608 $aPeriodical 608 $aperiodicals.$2aat 608 $aPeriodicals.$2fast 608 $aPeriodicals.$2lcgft 608 $aPériodiques.$2rvmgf 610 00$agegevensverwerking 610 00$adata processing 610 00$asignalen 610 00$asignals 610 00$abeeldverwerking 610 00$aimage processing 610 00$acomputertechnieken 610 00$acomputer techniques 610 00$abeeldanalyse 610 00$aimage analysis 610 10$aData Processing, Database Management 610 10$aGegevensverwerking, databasebeheer 615 0$aSignal processing$xDigital techniques 615 0$aImage processing$xDigital techniques 615 0$aDigital video 615 6$aTraitement du signal$xTechniques numériques 615 6$aTraitement d'images$xTechniques numériques 615 6$aVidéo numérique 615 7$aDigital video. 615 7$aImage processing$xDigital techniques. 615 7$aSignal processing$xDigital techniques. 615 17$aSignaalverwerking. 615 17$aBeeldverwerking. 615 17$aBeeldmanipulatie. 676 $a621.3822 686 $a54.74$2bcl 906 $aJOURNAL 912 $a996197276003316 996 $aSignal, image and video processing$92274562 997 $aUNISA